মীর মশার্রফ হোসেন রচনাসংগ্রহ / (Record no. 54217)
[ view plain ]
| 000 -LEADER | |
|---|---|
| fixed length control field | 01312nam a2200253 a 4500 |
| 001 - CONTROL NUMBER | |
| control field | 54217 |
| 003 - CONTROL NUMBER IDENTIFIER | |
| rucl marc code | BD-RjUL |
| 005 - DATE AND TIME OF LATEST TRANSACTION | |
| control field | 20211209080104.0 |
| 008 - FIXED-LENGTH DATA ELEMENTS--GENERAL INFORMATION | |
| fixed length control field | 161103s1978 ii ||||| |||| 00| 0 ben d |
| 035 ## - SYSTEM CONTROL NUMBER | |
| System control number | (BD-RjUL54339 |
| 040 ## - CATALOGING SOURCE | |
| Original cataloging agency | BD-RjUL |
| Language of cataloging | ben |
| Transcribing agency | BD-RjUL |
| Modifying agency | BD-RjUL |
| 041 ## - LANGUAGE CODE | |
| Language code of text/sound track or separate title | ben |
| 082 ## - DEWEY DECIMAL CLASSIFICATION NUMBER | |
| Edition number | 23 |
| Classification number | 891.4408 |
| Author mark and year | MIR 1978 |
| 245 10 - TITLE STATEMENT | |
| Title | মীর মশার্রফ হোসেন রচনাসংগ্রহ / |
| Statement of responsibility, etc. | ভূমিকা : আসিতকুমার বন্দ্যোপাধ্যায়, সম্পাদনা : বিষ্ণু বসু, সহযোগী সম্পাদক : কমলেন্দু ধর |
| 260 ## - PUBLICATION, DISTRIBUTION, ETC. (IMPRINT) | |
| Place of publication, distribution, etc. | কলকাতা : |
| Name of publisher, distributor, etc. | কমলা সাহিত্য ভবন, |
| Date of publication, distribution, etc. | ১৯৭৮ |
| 300 ## - PHYSICAL DESCRIPTION | |
| Pagination | খন্ড. ; |
| Size | ২২ সেমি. |
| 505 ## - FORMATTED CONTENTS NOTE | |
| Formatted contents note | খন্ড. ১ -- |
| 650 ## - SUBJECT ADDED ENTRY--TOPICAL TERM | |
| Topical term or geographic name as entry element | বাংলা সাহিত্য |
| 9 (RLIN) | 161768 |
| Form subdivision | সংগ্রহ |
| Topical term or geographic name as entry element | Bengali Literature |
| 9 (RLIN) | 161769 |
| Form subdivision | Collections |
| 700 ## - ADDED ENTRY--PERSONAL NAME | |
| Personal name | ভূমিকা : বন্দ্যোপাধ্যায়, আসিতকুমার |
| Fuller form of name | ভূমিকা |
| Personal name | বসু, বিষ্ণু |
| Fuller form of name | সম্পাদনা |
| Personal name | ধর, কমলেন্দু |
| Fuller form of name | সহযোগী সম্পাদক |
| 942 ## - ADDED ENTRY ELEMENTS (KOHA) | |
| Source of classification or shelving scheme | Dewey Decimal Classification |
| Koha item type | Books |
| Lost status | Source of classification or shelving scheme | Damaged status | Not for loan | Collection code | Permanent Location | Current Location | Shelving location | Date acquired | Total Checkouts | Full call number | Date last seen | Date checked out | Copy number | Koha item type |
|---|---|---|---|---|---|---|---|---|---|---|---|---|---|---|
| Dewey Decimal Classification | Non-fiction | Central Library, University of Rajshahi | Central Library, University of Rajshahi | 29/02/1984 | 1 | B 891.4408 MIR V-1 1978 | 28/09/2025 | 25/09/2025 | C-2 | Books |